000
00203nam a2200085Ia 4500
008
120527s9999 xx 000 0 und d
100
_a
Morris & Maisto
245
_a
Psychology: an introduction
942
_c
BK
999
_c
27415
_d
27415